[Event "ESP-chT Regional U16"]
[Site "Gijon"]
[Date "2021.06.19"]
[Round "4.4"]
[White "Galarza Arza, Ekain"]
[Black "Garcia Fernandez, Sara"]
[Result "1-0"]
[WhiteElo "1468"]
[BlackElo "1120"]
[PlyCount "129"]
[EventDate "2021.06.17"]
[EventType "team-swiss"]
[EventRounds "6"]
[EventCountry "ESP"]
[SourceTitle "EXT 2022"]
[Source "ChessBase"]
[SourceDate "2021.10.06"]
[SourceVersion "1"]
[SourceVersionDate "2021.10.06"]
[SourceQuality "1"]
[WhiteTeam "Navarra U16"]
[BlackTeam "Pais Vasco U16"]
[WhiteTeamCountry "ESP"]
[BlackTeamCountry "ESP"]

1. d4 d5 2. Nf3 Nc6 3. e3 Bg4 4. Nbd2 e5 5. dxe5 Nxe5 6. Be2 Nf6 7. Nxe5 Bf5 8. 0-0 Bd6 9. Nef3 Qe7 10. Nd4 Bd7 11. Nb5 Bxb5 12. Bxb5+ c6 13. Bd3 0-0-0 14. c4 Be5 15. cxd5 Rxd5 16. Qe2 h5 17. Bf5+ Kb8 18. e4 Rdd8 19. Nf3 Bc7 20. Bg5 Qc5 21. b4 Qxb4 22. Rab1 Qa5 23. Qb2 Qa6 24. Bxf6 gxf6 25. Qxf6 Qxa2 26. Qxc6 Bb6 27. Qc3 Rh6 28. Rb2 Qa4 29. Rd2 Rc6 30. Rxd8+ Bxd8 31. Qe5+ Ka8 32. Qe8 Qa5 33. Rd1 Rd6 34. Rc1 Qc5 35. Rf1 Qc2 36. e5 Qc6 37. Qxc6 Rxc6 38. h3 Rc5 39. Bd7 a5 40. Rb1 Ka7 41. e6 fxe6 42. Bxe6 a4 43. Ra1 Ra5 44. Bd7 a3 45. Ne1 Bf6 46. Ra2 Be7 47. Nc2 Ka6 48. g4 hxg4 49. hxg4 b5 50. Kg2 b4 51. Be6 Rc5 52. Nxb4+ Ka5 53. Nc2 Ka4 54. Rxa3+ Kb5 55. Nd4+ Kb4 56. Rb3+ Ka4 57. Bd7+ Ka5 58. Nc6+ Rxc6 59. Bxc6 Bg5 60. Kg3 Ka6 61. f4 Bd8 62. g5 Bc7 63. g6 Bd6 64. g7 Ka7 65. g8Q 1-0